000 00386nam a22001457a 4500
008 151110b xxu||||| |||| 00| 0 eng d
020 _a978-93-5115-450-1
082 _aDC 658.15
_bF491
245 _aFinance basics
260 _aUAE:
_b3G Elearning FZ LLC;
_cc2015.
300 _a250 pages;
_c23 cm.
650 0 _9411
_aFinancial management
365 _b2,395.00
_cPHP.
942 _2ddc
_cDFIL
999 _c219
_d219